Geometry Dash - Extreme Demons Starting with K (Pre-2.2) - Statistics

General Stats
  • This quiz has been taken 102 times
    19 since last reset
  • The average score is 6 of 17
Answer Stats
Publisher Answer % Correct
Demishio Kyouki
80%
npesta Kenos
70%
cherryteam KOCMOC
60%
Gablor kowareta
60%
BoldStep Killbot
50%
Armadeus Kappa
40%
ItsHybrid Keres
40%
Stilluetto Khorne
30%
motheye KINGSLAYER
30%
HangerLord Knights of Thunder
30%
Teno Kuzureta
30%
Espii Komodo
20%
ARtu Karma
10%
Sminx Kinetic Bypass
10%
Kapycta999 Kjdf8314jlfssf
10%
Zalgaryth Karasu
0%
WaRiox KUB
0%
No matching quizzes found
Score Distribution
Percent of People with Each Score
Percentile by Number Answered
Your Score History
You have not taken this quiz since the last reset